| 000 | 00000nam##2200000za#4500 |
| 001 | 9.681298 |
| 003 | CaOODSP |
| 005 | 20200330070515 |
| 007 | ta |
| 008 | 150407|2000||||xxc||||| f|0| 0 fre|d |
| 020 | |a0-662-85179-X |
| 040 | |aCaOODSP|bfre |
| 043 | |an-cn--- |
| 086 | 1 |aF2-147/2000F |
| 110 | 1 |aCanada. |bMinistère des finances. |
| 245 | 10|aÉnoncé économique et mise à jour budgétaire : |bdéposé à la Chambre des communes par le ministre des Finances l'honorable Paul Martin, c.p., député, le 18 octobre 2000 |
| 260 | |aOttawa - Ontario : |bFinances Canada |c2000. |
| 300 | |a200p. : |bgraphiques, tableaux ; |c28 cm. + |eÉnoncé économique et mise à jour budgétaire - Aperçu.--Communiqué, le 18 octobre 2000. |
| 563 | |aCouverture souple |
| 590 | |a00-43|b2000-10-27 |
| 691 | 07|aBudget|2gcpds |
| 691 | 07|aSoins de santé|2gcpds |
| 691 | 07|aDette nationale|2gcpds |
| 691 | 07|aÉducation|2gcpds |
| 691 | 07|aGestion financière|2gcpds |
| 775 | 08|tEconomic statement and budget update : |w(CaOODSP)9.647916 |